|
|
|
|
| LEADER |
02295nam a22004811i 4500 |
| 001 |
EBC1587788 |
| 003 |
MiAaPQ |
| 005 |
20200520144314.0 |
| 006 |
m o d | |
| 007 |
cr cnu|||||||| |
| 008 |
121122t20122012dcua ob 000 0 eng d |
| 020 |
|
|
|z 9781475510799
|
| 020 |
|
|
|a 9781475511871
|q (electronic bk.)
|
| 035 |
|
|
|a (MiAaPQ)EBC1587788
|
| 035 |
|
|
|a (Au-PeEL)EBL1587788
|
| 035 |
|
|
|a (CaPaEBR)ebr10790030
|
| 035 |
|
|
|a (CaONFJC)MIL538129
|
| 035 |
|
|
|a (OCoLC)867927953
|
| 040 |
|
|
|a MiAaPQ
|b eng
|e rda
|e pn
|c MiAaPQ
|d MiAaPQ
|
| 050 |
|
4 |
|a HC800
|b .R44 2012
|
| 245 |
0 |
0 |
|a Regional economic outlook.
|p Sub-Saharan Africa :
|b maintaining growth in an uncertain world.
|
| 246 |
3 |
|
|a Sub-Saharan Africa : maintaining growth in an uncertain world
|
| 264 |
|
1 |
|a Washington, DC :
|b International Monetary Fund,
|c [2012]
|
| 264 |
|
4 |
|c 2012
|
| 300 |
|
|
|a 1 online resource (121 pages) :
|b color illustrations.
|
| 336 |
|
|
|a text
|2 rdacontent
|
| 337 |
|
|
|a computer
|2 rdamedia
|
| 338 |
|
|
|a online resource
|2 rdacarrier
|
| 440 |
|
0 |
|a World economic and financial surveys
|
| 500 |
|
|
|a "Oct 12" -- cover.
|
| 504 |
|
|
|a Includes bibliographical references.
|
| 505 |
0 |
|
|a Maintaining growth in an uncertain world -- Nigeria and South Africa: spillovers to the rest of Sub-Saharan Africa -- Structural transformation in Sub-Saharan Africa -- Statistical appendix.
|
| 588 |
|
|
|a Description based on print version record.
|
| 590 |
|
|
|a Electronic reproduction. Ann Arbor, MI : ProQuest, 2015. Available via World Wide Web. Access may be limited to ProQuest affiliated libraries.
|
| 650 |
|
0 |
|a Economic indicators
|z Africa, Sub-Saharan.
|
| 650 |
|
0 |
|a Fiscal policy
|z Africa, Sub-Saharan.
|
| 651 |
|
0 |
|a Africa, Sub-Saharan
|x Economic conditions
|v Statistics.
|
| 651 |
|
0 |
|a Africa, Sub-Saharan
|x Economic conditions
|y 21st century.
|
| 655 |
|
4 |
|a Electronic books.
|
| 710 |
2 |
|
|a International Monetary Fund.
|
| 776 |
0 |
8 |
|i Print version:
|t Regional economic outlook.Sub-Saharan Africa.
|d Washington, DC :International Monetary Fund, [2012]
|h viii, 111 pages : color illustrations ; 28 cm.
|k World economic and financial surveys
|z 9781475510799
|w (OCoLC)819377088
|
| 797 |
2 |
|
|a ProQuest (Firm)
|
| 856 |
4 |
0 |
|u https://ebookcentral.proquest.com/lib/matrademy/detail.action?docID=1587788
|z Click to View
|